000 01076nam a2200385 i 4500
001 00042951
003 DO-SdBPM
005 20251104115340.0
007 ta
008 890418s1989 sp spa
017 _a
_b
020 _a8422627930
035 _a
040 _aDO-SdBPM
_bspa
_cBPMSU
_e rda
082 4 _a823.91
_bB789b 1989
_222
100 1 _aBoyd, William
_d1952-
_eautor
240 1 0 _aStars and bars
_lespañol
245 1 0 _aBarras y estrellas /
_cWilliam Boyd ; traducción de Bernardo Moreno
_h
250 _a[2ª ed.]
260 1 _a
_b
_c
264 _aBarcelona :
_bCírculo de Lectores
_c1989
300 _a315 páginas ;
_c23 cm
336 _atexto
_btxt
_2rdacontente
337 _asin mediación
_bn
_2rdamedia
338 _avolumen
_bnc
_2rdacarrier
490 0 _aCírculo de lectores
500 _a
500 _a
590 _aInventariado, 2025/VM
650 7 _aNovela inglesa
700 1 _aMoreno Carrillo, Bernardo
_etraductor
830 _a
_r
910 _aVMateo V. Control de calidad. BPMSU
942 _2ddc
_cBK
999 _c9594
_d9594